000 00427nam a2200181Ia 4500
001 10328
005 20260306161824.0
008 260306t1972||||xx |||||||||||||| ||spa||
041 _aESP
082 _a920.02
_bB34
100 _aDe Becker, Raymond
_eAUT
245 0 _aLa vida trágica de Sigmund Freud
260 _c1972
300 _a321 páginas :
_ccm.
650 _aGEN
654 _aCHU
942 _cLIB
_dJUS
_fJUS
_2ddc
_n
999 _c10328
_d10328